000 00814nam a2200217Ii 4500
003 JO-AjNU
008 230605s9999||||xx |||||||||||||| ||und||
017 _a2003/19838
020 _a977-01-8313-X
040 _aJO-AjNU
_bara
_erda
_cJO-AjNU
041 _aara
050 1 4 _aDT107.83.K3267 2003
100 3 _aتاليف، عبد العظيم,
_eauthor
_939913
245 0 0 _aالقضية الفلسطينية بين مصطفى النحاس وعبد الناصر
264 3 1 _aالقاهرة: الهيئة المصرية العامة للكتاب، 2003
300 _a186ص
336 _atext
_btxt
_2rdacontent
337 _aunmediated
_bn
_2rdamedia
338 _avolume
_bnc
_2rdacarrier
650 4 _aالقضية الفلسطينية- مصطفى النحاس- عبدالناصر- مصر- تاريخ
_939914
999 _aA16896
_c20464
_d20464